000 00342nam a2200133Ia 4500
008 240624s9999 xx 000 0 und d
041 _aeng
082 _a658.827 HAI
100 _aHAIG MATT
245 _aBRAND ROYALTY HOW THE WORLDS TOP 100 BRA
260 _c2005
_aNew Delhi
_bKogan Page
300 _avi, : 314 : p. : cm. ; 22
365 _cRS
999 _c3077
_d3077